| 000 | 00343 a2200133 4500 | ||
|---|---|---|---|
| 999 |
_c324853 _d324853 |
||
| 001 | 89780 | ||
| 003 | NUST | ||
| 082 | _a823.914 FIE | ||
| 100 |
_aFielding Helen _99821 |
||
| 245 |
_aBridget Jones ; Made about the boy _cHelen Fielding |
||
| 260 |
_aIndia _bRandom House _c2013 |
||
| 300 | _aviii, 392p. | ||
| 500 | _aGeneral Books | ||
| 942 |
_aCAE NUST _cBK _k823.914 FIE _2ddc |
||